000 00567nam a2200193 i 4500
001 bg
100 1 _aGRONOWSKI, Stanisław
_d(1947- )
245 1 0 _aPrawo energetyczne :
_bwprowadzenie, przepisy wykonawcze /
_cStanisław Gronowski.
260 _aWarszawa :
_b"ABC",
_ccop. 1999.
300 _a367, [1] s. ;
_c21 cm.
650 9 _aEnergetyka
_xprawo
_zPolska
_ystan na 1998 r.
020 _a8387286877
040 _cBPK
041 0 _apl
080 _a351.82:620.9](438)(094)
920 _a83-87286-87-7
942 _cKS
008 s pl f |000 0 pol
999 _c34021
_d34021
856 _uhttp://koha.tu.koszalin.pl/cgi-bin/koha/opac-detail.pl?biblionumber=34021
_yKatalog online BPK